=LDR 00000nam 2200000 4500 =001 INLIS000000000051935 =005 20240222012943 =035 ##$$a 0010-0118000123 =007 ta =008 240222################g##########0#ind## =020 ##$$a 978 - 602 - 425 - 006 - 5 =082 ##$$a 613.072 =084 ##$$a 613.072 EVI m =100 #$$a Evi Martha =245 1#$$a Metodologi penelitian kualitatif untuk bidang kesehatan /$c Evi Martha =260 ##$$a Jakarta :$b Raja Grafindo Persada,$c 2016 =300 ##$$a x,28 hlm. : $b ilus ; $c 21 cm. =500 ##$$a Indeks : hlm. 273 - 277 =650 #4$$a Kesehatan - Penelitian =700 #$$a Sudarti Kresno =504 ##$$a Bibliografi : hlm. 270 - 271 =990 ##$$a 01201800647 =990 ##$$a 01201800648 =990 ##$$a 01201800649 =990 ##$$a 01201800650 =990 ##$$a 01201800651 =990 ##$$a 21706365 =990 ##$$a 21706364 =990 ##$$a 21706363 =990 ##$$a 21706362 =990 ##$$a 21706361 =990 ##$$a 21706362 =990 ##$$a 01201800647 =990 ##$$a 01201800648 =990 ##$$a 01201800649 =990 ##$$a 01201800650 =990 ##$$a 01201800651 =990 ##$$a 21706365 =990 ##$$a 21706364 =990 ##$$a 21706363 =990 ##$$a 21706361